Top 50 Bucs oat - Statistics

General Stats
  • This quiz has been taken 2 times
  • The average score is 16 of 50
Answer Stats
Hint Answer % Correct
16 WR Chris Godwin
100%
4 WR Mike Evans
100%
8 QB Tom Brady
100%
24 IDL Vita Vea
100%
26 S Antoine Winfield Jr
50%
38 QB Baker Mayfield
50%
28 QB Brad Johnson
50%
48 TE Cameron Brate
50%
42 OL Cecil Johnson
50%
32 OL David Johnson
50%
1 LB Derrick Brooks
50%
13 QB Doug Williams
50%
18 IDL Gerald Mccoy
50%
12 LB Hardy Nickerson
50%
19 RB James Wilder
50%
6 S John Lynch
50%
7 LB Lavante David
50%
2 EDGE Lee Roy Selmon
50%
10 FB Mike Alstott
50%
11 OL Paul Gruber
50%
50 TE Rob Gronkowski
50%
5 CB Ronde Barber
50%
22 LB Shelton Quarles
50%
14 EDGE Simeon Rice
50%
21 OL Tony Mayberry
50%
9 OL Tristian Wirfs
50%
3 IDL Warren Sapp
50%
15 RB Warrick Dunn
50%
30 OL Ali Marpet
0%
39 CB Brian Kelly
0%
29 S Cedric Brown
0%
46 TE Dave Moore
0%
35 IDL David Logan
0%
47 OL Donald Penn
0%
25 CB Donnie Abraham
0%
44 RB Doug Martin
0%
36 LB Hugh Green
0%
20 LB James Wood
0%
43 EDGE Jason Pierre-Paul
0%
17 TE Jimmie Giles
0%
31 WR Joey Galloway
0%
27 WR Kevin House
0%
34 WR Mark Carrier
0%
49 K Martin Gramatica
0%
40 S Matt Contey
0%
37 CB Mike Washington
0%
45 RB Ricky Bell
0%
41 OL Ryan Jensen
0%
23 EDGE Shaquil Barrett
0%
33 WR Vincent Jackson
0%
No matching quizzes found
Score Distribution
Percent of People with Each Score
Percentile by Number Answered
Your Score History
You have not taken this quiz